MARC

LEADER 00000nam0a2200000 4500
001 286072
005 20231101235845.0
035 |a (RuTPU)RU\TPU\book\310361 
090 |a 286072 
100 |a 20150303d1984 k y0rusy50 ca 
101 0 |a rus 
102 |a RU 
105 |a a z 001zy 
200 1 |a Конвейеры, канатные дороги  |e сборник научных трудов  |f Всесоюзный научно-исследовательский институт подъемно-транспортного машиностроения (ВНИИПТМАШ) ; под ред. Р. А. Лалаянца 
210 |a Москва  |c Изд-во ВНИИПТМАШ  |d 1984 
215 |a 86 с.  |c ил. 
320 |a Библиография в конце статей 
606 |a Конвейеры  |x Расчет  |2 stltpush  |3 (RuTPU)RU\TPU\subj\15215  |9 41476 
610 1 |a конструкции 
610 1 |a нагрузочная способность 
610 1 |a металлоемкость 
610 1 |a вибрационные машины 
610 1 |a регистраторы 
610 1 |a динамические нагрузки 
610 1 |a канаты 
675 |a 621.867  |v 3 
702 1 |a Лалаянц  |b Р. А.  |4 340 
712 0 2 |a Всесоюзный научно-исследовательский институт подъемно-транспортного машиностроения (ВНИИПТМАШ)  |c (Москва)  |c (1941- )  |2 stltpush  |3 (RuTPU)RU\TPU\col\11904 
801 1 |a RU  |b 63413507  |c 20150303 
801 2 |a RU  |b 63413507  |c 20180220  |g RCR 
942 |c BK